Faunal Diversity of Indian Himalaya/ (Record no. 200438)

MARC details
000 -LEADER
fixed length control field 00838nam a22002297a 4500
005 - DATE AND TIME OF LATEST TRANSACTION
control field 20240129153043.0
010 ## - LCCN (DPL NO)
LC control number ENG-139075
020 ## - INTERNATIONAL STANDARD BOOK NUMBER
International Standard Book Number 9788181714787
Terms of availability 4500.00
035 ## - SYSTEM CONTROL NUMBER
System control number EN-122607
037 ## - SOURCE OF ACQUISITION
Source of stock number/acquisition DBAD/PUB
082 ## - DEWEY DECIMAL CLASSIFICATION NUMBER
Classification number 591.954
100 ## - MAIN ENTRY--PERSONAL NAME
Personal name Chandra, Kailash
245 ## - TITLE STATEMENT
Title Faunal Diversity of Indian Himalaya/
Statement of responsibility, etc Kailash Chandra,Devanshu Gupta,K.C.Gopi, Basudev Tripathy and Vikash Kumar
260 ## - PUBLICATION, DISTRIBUTION, ETC. (IMPRINT)
Date of publication, distribution, etc 2018
Name of publisher, distributor, etc Published at the Publication Division by the Director, Zoological Survey of India,
Place of publication, distribution, etc Kolkata
270 ## - ADDRESS
Address M-Block, New Alipore,
City Kolkata
Postal code 700006
300 ## - PHYSICAL DESCRIPTION
Dimensions 31cm(hbk)
Extent 872p.
500 ## - GENERAL NOTE
General note Includes bibliographical references and index
700 ## - ADDED ENTRY--PERSONAL NAME
9 (RLIN) 60908
Personal name Avtar Kaur Sindhu
700 ## - ADDED ENTRY--PERSONAL NAME
Personal name C. Raghunathan
9 (RLIN) 60915
700 ## - ADDED ENTRY--PERSONAL NAME
Personal name T. Kubendran
9 (RLIN) 60916
942 ## - ADDED ENTRY ELEMENTS (KOHA)
Item type English Books
Source of classification or shelving scheme Dewey Decimal Classification
Call number suffix CHA
Classification part 591.954
Holdings
Withdrawn status Lost status Not for loan Collection code Home library Current library Date acquired Source of acquisition Cost, normal purchase price Full call number Barcode Cost, replacement price Koha item type
    Not For Loan Non-fiction Sarojini Nagar Sarojini Nagar 29/01/2024 DBAD/PUB 4500.00 CHA 591.954 EN-122607 4500.00 English Books

© Delhi Public Library
Hit Counter
free hit counter